000 00577nam a2200193Ii 4500
003 JO-AjNU
008 230605s9999||||xx |||||||||||||| ||und||
040 _aJO-AjNU
_bara
_erda
_cJO-AjNU
041 _aara
050 1 4 _aBF575.L3.Z2
100 3 _aابراهيم، زكريا,
_eauthor
_936401
245 0 0 _aسيكولوجية الفكاهة والضحك
264 3 1 _aد.م:مكتبة مصر،د.ت
300 _a238ص
336 _atext
_btxt
_2rdacontent
337 _aunmediated
_bn
_2rdamedia
338 _avolume
_bnc
_2rdacarrier
650 4 _aفكاهة-ضحك
_936402
999 _aA15121
_c18689
_d18689